000 00472nam a2200181Ia 4500
001 3085
005 20260306144854.0
008 260306t2007||||xx |||||||||||||| ||spa||
041 _aESP
082 _a249.8
_bM41
100 _aMelina, Livio
_eAUT
245 0 _aAmare l´amore umano:
_bl´eredità di Giovanni Paolo II sul matrimonio e la famiglia
260 _c2007
300 _a283 páginas :
_c24 cm.
650 _aGEN
654 _aCHU
942 _cLIB
_dJUS
_fJUS
_2ddc
_n
999 _c3085
_d3085